[Event "World ol U16"]
[Site "Kuala Lumpur"]
[Date "2002.08.25"]
[Round "7"]
[White "Kuchkarov, Abduahad"]
[Black "Woodward, Timothy"]
[Result "1-0"]
[WhiteElo "2007"]
[BlackElo "2211"]
[PlyCount "67"]
[EventDate "2002.08.20"]
[EventType "team-swiss"]
[EventRounds "10"]
[EventCountry "MAS"]
[SourceTitle "CBM 089 Extra"]
[Source "ChessBase"]
[SourceDate "2002.09.10"]
[SourceVersion "2"]
[SourceVersionDate "2002.09.10"]
[SourceQuality "1"]

1. d4 d5 2. c4 c6 3. Nf3 Nf6 4. cxd5 cxd5 5. Nc3 Nc6 6. Bf4 Bf5 7. e3 e6 8. Bb5 Nd7 9. Rc1 Rc8 10. 0-0 Be7 11. Na4 0-0 12. a3 Qa5 13. Bxc6 bxc6 14. b4 Qa6 15. Rc3 f6 16. Nh4 Be4 17. f3 Bg6 18. Nxg6 hxg6 19. Bg3 Nb6 20. Nb2 Qb5 21. Qc2 Kf7 22. Rd1 a5 23. bxa5 Qxa5 24. Be1 Qa6 25. Qb3 Nd7 26. Nd3 Rb8 27. Qc2 Rfc8 28. Nf4 Nf8 29. e4 g5 30. Nd3 Nd7 31. exd5 exd5 32. f4 Kg8 33. Qe2 Kf7 34. Ne5+ 1-0

[Event "World ol U16"]
[Site "Kuala Lumpur"]
[Date "2002.08.25"]
[Round "6"]
[White "Tahmasebi, Hamoon"]
[Black "Kuchkarov, Abduahad"]
[Result "1-0"]
[WhiteElo "2232"]
[BlackElo "2007"]
[PlyCount "88"]
[EventDate "2002.08.20"]
[EventType "team-swiss"]
[EventRounds "10"]
[EventCountry "MAS"]
[SourceTitle "CBM 089 Extra"]
[Source "ChessBase"]
[SourceDate "2002.09.10"]
[SourceVersion "2"]
[SourceVersionDate "2002.09.10"]
[SourceQuality "1"]

1. e4 c6 2. d4 d5 3. Nc3 dxe4 4. Nxe4 Bf5 5. Ng3 Bg6 6. Bc4 e6 7. N1e2 Bd6 8. 0-0 Nf6 9. f4 Qd7 10. Bd3 Bxd3 11. Qxd3 Na6 12. f5 0-0-0 13. Bg5 e5 14. Ne4 Nb4 15. Nxd6+ Qxd6 16. Qa3 a6 17. dxe5 Qc5+ 18. Kh1 Qxe5 19. Qxb4 Qxe2 20. Bxf6 gxf6 21. Rae1 Qb5 22. Qxb5 axb5 23. Re7 Rd2 24. Rxf7 Rxc2 25. Rxf6 Rxb2 26. Rd6 Rd8 27. Rh6 Rf8 28. g4 Rf7 29. a3 c5 30. g5 c4 31. Rh3 Rd2 32. f6 Kd7 33. Rg3 Kd6 34. h4 Rd4 35. Rh3 Rg4 36. Rf5 Ke6 37. Rxb5 Rd7 38. Re3+ Kf7 39. Kh2 Rxh4+ 40. Rh3 Rd2+ 41. Kg3 Rxh3+ 42. Kxh3 Rd7 43. Rc5 Kg6 44. Kg3 b6 1-0